000 00450nam a2200181Ia 4500
008 230917s9999||||xx |||||||||||||| ||und||
020 _cRS375
040 _e258350
_aMAIN
041 _aEnglish
082 _a620.11 K529M(5)
100 _aKhurmi, R S
245 0 _aMaterials science
250 _a5th ed.
260 _aNew Delhi
_bS Chand
_c2018
300 _a367 p.
500 _a3668 14/10/2019 HBD19/7972 22/10/2019 Main Budget
942 _cBK
999 _c33233
_d33233